All Jake Paul Boxing Opponents - Statistics

General Stats
  • This quiz has been taken 147 times
    14 since last reset
  • The average score is 10 of 14
Answer Stats
Date Result Opponent % Correct
12-19-25 L, KO R6 Anthony Joshua
100%
2-26-23 L, SD Tommy Fury
92%
8-29-21 W, SD Tyron Woodley
92%
10-29-22 W, UD Anderson Silva
83%
11-15-24 W, UD Mike Tyson
83%
8-5-23 W, UD Nate Diaz
83%
4-17-21 W, KO R1 Ben Askren
75%
11-28-20 W, KO R2 Nate Robinson
75%
8-25-18 W, RTD R5 Deji
67%
7-20-24 W, TKO R6 Mike Perry
67%
12-15-23 W, KO R1 Andre August
58%
1-30-20 W, TKO R1 AnEsonGib
58%
6-28-25 W, UD Julio Cesar Chavez, Jr.
58%
3-2-24 W, TKO R1 Ryan Bourland
50%
No matching quizzes found
Score Distribution
Percent of People with Each Score
Percentile by Number Answered
Your Score History
You have not taken this quiz since the last reset